Entry Nombre personal
001 - NÚMERO DE CONTROL
- campo de control: 34793
003 - IDENTIFICADOR DE NÚMERO DE CONTROL
- campo de control: OSt
005 - FECHA Y HORA DE LA ÚLTIMA TRANSACCIÓN
- campo de control: 20230222192029.0
008 - ELEMENTOS DE DATO DE LONGITUD-FIJA
- campo de control de longitud fija: 030408 n acnnnaaan n ann d
040 ## - FUENTE DE CATALOGACIÓN
- Centro catalogador/agencia de origen: OSt
- Centro/agencia transcriptor: OSt
100 00 - ENCABEZAMIENTO-NOMBRE DE PERSONA
- Nombre de persona: Capdevila, J. María
400 00 - TRAZADO DE VÉASE--NOMBRE DE PERSONA
- Nombre de persona: Capdevila, José M.
400 00 - TRAZADO DE VÉASE--NOMBRE DE PERSONA
- Nombre de persona: Capdevila, Josep María
400 00 - TRAZADO DE VÉASE--NOMBRE DE PERSONA
- Nombre de persona: Capdevila Mirabet, José María
400 00 - TRAZADO DE VÉASE--NOMBRE DE PERSONA
- Nombre de persona: Capdevila, J.M.
